| 000 | 01108nam a22003377a 4500 | ||
|---|---|---|---|
| 003 | CHAP | ||
| 005 | 20220329133300.0 | ||
| 008 | 971013s1978 r 00010 d | ||
| 010 | _a4258 | ||
| 011 | _a5230 | ||
| 035 | _a4437 | ||
| 040 | _cCHAP | ||
| 090 | _aFolleto 13745 | ||
| 110 |
_aCommonwealth Scientific and Industrial Research Organization. Division of Soils _926043 |
||
| 245 | _aDiffusion between two concetric spheres with different diffusion coefficients and porisities | ||
| 260 |
_aMelbourne : _bCSIRO. Division of Soils, _c1978 |
||
| 300 | _a10 p | ||
| 490 |
_aTechnical paper _v; 38 |
||
| 500 | _aD53-97 | ||
| 590 |
_aBATCH-UPD _b10 _c20130110 _lUCH01 _h1525 |
||
| 590 |
_aBATCH-UPD _b10 _c20130410 _lUCH01 _h0935 |
||
| 590 |
_aBATCH-UPD _b10 _c20130914 _lUCH01 _h2035 |
||
| 590 |
_aCONVERSION _b10 _c20130109 _lUCH01 _h1303 |
||
| 650 | 1 | 4 |
_aSuelos salinos. _9110558 |
| 650 | 1 | 4 |
_aSuelos _xFĂsica de. _9110373 |
| 700 | 0 |
_aColville, J. S. _925493 |
|
| 830 | 0 |
_aTechnical paper _v; 38 _9111899 |
|
| 901 | _aBK | ||
| 942 | _cFOLL | ||
| 949 |
_aFolleto 13745 _bBC _cFOLL _d-13980 _eTS1 _i4437 _mD _si |
||
| 999 |
_c4258 _d4258 |
||